Un dilema cubano : nacionalismo y vanguardia /

Bibliographic Details
Main Author: Manzoni, Celina (Author)
Format: Electronic eBook
Language:Spanish
Published: Villa María, Córdoba, Argentina : Eduvim, 2023.
Series:Colección Poliedros. Serie Zona de crítica.
Subjects:
Online Access:Digitalia Hispánica

MARC

LEADER 00000nam a2200000Ii 4500
001 DIGEDUV0296
003 NyNyDIG
006 m o d
007 cr |||||||||||
008 240901s2023 ag ob 000 0 spa d
035 |a (OCoLC)1454786075 
040 |a DGITA  |b eng  |e rda  |e pn  |c DGITA 
020 |a 9789876997980  |q eBook 
020 |z 9789876997867 
043 |a nwcu--- 
050 1 4 |a JC311 ebook 
100 1 |a Manzoni, Celina,  |e author. 
245 1 3 |a Un dilema cubano :  |b nacionalismo y vanguardia /  |c Celina Manzoni. 
264 1 |a Villa María, Córdoba, Argentina :  |b Eduvim,  |c 2023. 
300 |a 1 online resource. 
336 |a text  |b txt  |2 rdacontent 
337 |a computer  |b c  |2 rdamedia 
338 |a online resource  |b cr  |2 rdacarrier 
347 |a text file  |2 rdaft 
347 |b EPUB 
490 1 |a Serie Zona de crítica 
504 |a Includes bibliographical references. 
588 0 |a Online resource; title from ePub title page (Digitalia, viewed September 1, 2024) 
650 0 |a Nationalism  |z Cuba. 
650 0 |a Avant-garde (Aesthetics)  |z Cuba. 
776 0 8 |i Print version:  |a Manzoni, Celina.  |t Dilema cubano.  |d Villa María, Córdoba, Argentina : Eduvim, 2023  |z 9789876997867 
791 2 |a Digitalia (Firm),  |e distributor. 
793 0 |g Digitalia eBook Collection:  |a Ediciones Eduvim 
830 0 |a Colección Poliedros.  |p Serie Zona de crítica. 
856 4 0 |3 Digitalia Hispánica  |u https://www.digitaliapublishing.com/a/158309/ 
910 |a Premium collection: 2024